<?xml version="1.0" encoding="UTF-8"?>
<record
    xmlns:xsi="http://www.w3.org/2001/XMLSchema-instance"
    xsi:schemaLocation="http://www.loc.gov/MARC21/slim http://www.loc.gov/standards/marcxml/schema/MARC21slim.xsd"
    xmlns="http://www.loc.gov/MARC21/slim">

  <leader>00570nam a22001457a 4500</leader>
  <datafield tag="999" ind1=" " ind2=" ">
    <subfield code="c">134271</subfield>
    <subfield code="d">134271</subfield>
  </datafield>
  <controlfield tag="005">20240604120103.0</controlfield>
  <controlfield tag="008">240604b           ||||| |||| 00| 0 eng d</controlfield>
  <datafield tag="040" ind1=" " ind2=" ">
    <subfield code="c">PK-LaUMT</subfield>
  </datafield>
  <datafield tag="082" ind1=" " ind2=" ">
    <subfield code="a">APC 297.4092</subfield>
    <subfield code="b">SHA-A</subfield>
  </datafield>
  <datafield tag="100" ind1=" " ind2=" ">
    <subfield code="a">Shah Muhammad Dildar Ali Mizaq Mian = &#x634;&#x627;&#x6C1; &#x645;&#x62D;&#x645;&#x62F; &#x62F;&#x644;&#x62F;&#x627;&#x631; &#x639;&#x644;&#x6CC; &#x645;&#x630;&#x627;&#x642;</subfield>
  </datafield>
  <datafield tag="245" ind1=" " ind2=" ">
    <subfield code="a">Aenah dildar =  &#x622;&#x626;&#x6CC;&#x646;&#x6C1; &#x62F;&#x644;&#x62F;&#x627;&#x631; &#x628;&#x627;&#x633;&#x645; &#x62A;&#x627;&#x631;&#x6CC;&#x62E;&#x6CC; &#x645;&#x632;&#x627;&#x642; &#x633;&#x639;&#x627;&#x62F;&#x62A; /</subfield>
    <subfield code="c">by Shah Muhammad Dildar Ali Mizaq Mian = &#x634;&#x627;&#x6C1; &#x645;&#x62D;&#x645;&#x62F; &#x62F;&#x644;&#x62F;&#x627;&#x631; &#x639;&#x644;&#x6CC; &#x645;&#x630;&#x627;&#x642;</subfield>
  </datafield>
  <datafield tag="260" ind1=" " ind2=" ">
    <subfield code="a">Karachi :</subfield>
    <subfield code="b">Anjuman Press,</subfield>
    <subfield code="c">1956</subfield>
  </datafield>
  <datafield tag="300" ind1=" " ind2=" ">
    <subfield code="a">256 p.</subfield>
  </datafield>
  <datafield tag="942" ind1=" " ind2=" ">
    <subfield code="c">BK</subfield>
  </datafield>
  <datafield tag="952" ind1=" " ind2=" ">
    <subfield code="0">0</subfield>
    <subfield code="1">0</subfield>
    <subfield code="4">0</subfield>
    <subfield code="7">0</subfield>
    <subfield code="a">01</subfield>
    <subfield code="b">01</subfield>
    <subfield code="d">2024-06-04</subfield>
    <subfield code="l">0</subfield>
    <subfield code="o">APC 297.4092 SHA-A</subfield>
    <subfield code="p">146356</subfield>
    <subfield code="r">2024-06-04 00:00:00</subfield>
    <subfield code="w">2024-06-04</subfield>
    <subfield code="y">BK</subfield>
  </datafield>
</record>
